| 000 | 00363nam a2200145Ia 4500 | ||
|---|---|---|---|
| 008 | 230312s9999||||xx |||||||||||||| ||und|| | ||
| 020 | _a0-7106-0866-7 | ||
| 082 |
_a629.13334 _bHEW-J |
||
| 100 | _aHewson;Robert | ||
| 245 | 0 | _aJANE'S Air-Launched Weapons | |
| 260 |
_bJalw.Janes.com _aUK _c2005 |
||
| 300 | _a741 | ||
| 650 |
_aEngineering _vAvionics |
||
| 942 | _cBK | ||
| 999 |
_c11345 _d11345 |
||